000 00707nam a22001817a 4500
003 UA-OsUOA
001 14954
007 ta
008 20031026b un ||||| |||| 00| 0 ukr d
100 _aЛозов'юк І.
942 _cSA
040 _aUA-OsUOA
_cUA-OsUOA
_dUA-OsUOA
245 _a"Українці становили меншість...": [Із записів краєзнавця, публіциста І. Д. Лозов'юка про своє навчання в Дубен. гімназії (нині це ЗОШ №1)]
300 _aС.7
955 _a0
773 0 _w0
_tВісник Дубенщини
_dДубно
_d2003
_g№75/76/ 18 верес./
650 7 _aІсторія
_2UDC
999 _c301119
_d301119